Maires emblématiques du monde - Statistiques

Statistiques générales
  • Ce quiz a été pris 30 fois
  • Le résultat moyen est 7 sur 16
Statistiques - réponses
Ville Dates Indice Maire % Correct
Levallois-Perret 1983-19952001-2020 Personnalité politique de droite condamné à de multiples reprises Patrick Balkany
86%
Paris 1977-1995 Premier maire de Paris depuis la Commune Jacques Chirac
83%
Londres 2008-2016 Figure de proue du brexit, par la suite premier ministre britannique Boris Johnson
72%
Istanbul 1994-1998 Fondateur d'AK, parti néo-ottomaniste dirigeant la Turquie Recep Tayyip Erdoğan
69%
Nevers 1983 - 1993 Premier ministre sous François Mitterand, il se suicide après une défaite de son parti Pierre Bérégovoy
66%
Fort-de-France 1945-2001 Écrivain, figure majeure du mouvement de la négritude Aimé Césaire
62%
Cologne 1917-1933/1945 Premier chancelier de RFA Konrad Adenauer
62%
Berlin-Ouest 1957-1966 S'oppose au mur, devient chancelier Willy Brandt
34%
Mexico 2018-2025 Reconnue pour son engagement féministe fort, elle devient présidente par la suite Claudia Sheinbaum
28%
Carmel-by-the-Sea 1986-1988 Acteur, figure phare de la trilogie du dollar, puis réalisateur Clint Eastwood
28%
New-York 1934-1945 Il donne son nom à un aéroport de la ville Fiorello La Guardia
24%
New-York 2002-2013 Homme d'affaire multimilliardaire Michael Bloomberg
24%
Saint-Denis 1931-1937 Figure de proue de la collaboration, fondateur du parti populaire français Jacques Doriot
17%
Tilloy-lez-Marchiennes 2020-2025 Première femme transgenre élue maire en France Marie Cau
14%
Istanbul 2019-2025 Principal opposant au régime, emprisonné en 2025 Ekrem İmamoğlu
3%
Rotterdam 2009-2024 Alors le seul maire musulman d'une grande ville européenne Ahmed Aboutaleb
0%
Aucun quiz correspondant
Distribution des résultats
% des personnes avec chaque résultat
Percentile par nombre de réponses
Votre historique - résultats
Vous n’avez pas pris ce quiz